01133nam a2200301 i 4500003000900000005001700009007000300026008004100029020001800070040003000088082001800118100004800136245004900184264007400233300002500307336002700332337003300359338002800392500007100420586005100491590002700542650002700569650004200596910001400638942001400652952014800666999001700814DO-SdBNP20250306134046.0ta250306s2016 dr 000 p spa d a9789945588682 aDO-SdBNPbspacBNPHUerda axxxbB5332221 aBerroa, Fernandod1983-eautor4aut.94313613aLa destrucción del mito /cFernando Berroa 4aSanto Domingo :bDirección General de la Feria del Libro, c©2016. a65 páginasc23 cm. atextobtxt2rdacontent asin mediaciónbn2rdamedia avolumenbnc2rdacarrier aIncluye datos biografícos del autor en la solapa de la portada.  aPremio Joven de Poesía Feria del Libro 2015. aInventariado, 2025/ YL 4aNovela argentina93941 4aLiteratura argentinaySIGLO XX914711 aYLockward 2ddccLBS1 00102ddc51708PDaBNPHUbBNPHUcCTd2023-11-22eDonado por Mónica Despradell0oBNPHU PD xxx B533p2025-1537r2025-03-06w2025-03-06yLBS1 c58346d58346